000 01655nam a2200229Ia 4500
999 _c55372
_d55372
001 22450
003 GE_BSU
005 20250901171132.0
008 181216s2010||||ge |||||||||||||| ||geo||
020 _a9789941021916
040 _cGE_BSU
041 _ageo
080 _a314(479.22)+314.356.2 ს-32
245 _aსაქართველოს დემოგრაფიული განვითარების სოციალურ-დემოგრაფიული და საოჯახო პოლიტიკა :
_bსაბოლოო სამეცნიერო ანგარიში /
_cწამყვანი ორგანიზაცია : განათლ. და მეცნ. სამინ., დემოგრ. და სოციოლ. ინ-ტი, ქართველოლოგიის, ჰუმანიტ. და სოციალ. მეცნ. ფონდი, რუსთაველის ფონდი ; [მოამზადეს: გიორგი წულაძემ და [სხვ.]].
264 _aთბილისი :
_b(შპს "პოლიგრაფ+"),
_c2010.
300 _a75 გვ. :
_bდიაგრ. ;
_c30 სმ.
504 _aბიბლიოგრ. : გვ. 72-75
541 _h7 ლ.
653 _aსაბოლოო სამეცნიერო ანგარიში
653 _aსაქართველოს დემოგრაფიული განვითარების სოციალურ-დემოგრაფიული და საოჯახო პოლიტიკა
942 _cBK
_2udc